| 000 | 00446nam a2200121 a 4500 | ||
|---|---|---|---|
| 008 | 120416s1967 ||||||||||||||||| || u | ||
| 050 | _aHM 251 Jon | ||
| 100 | _aJones, Edward Ellsworth | ||
| 245 | 1 | 0 | _aFoundations of social psychology |
| 260 |
_aNew York _bJohn Wiley and Sons _c1967 |
||
| 350 | _a0.00 | ||
| 995 |
_D0.00 _FCBU-MAIN LIBRARY (Kitwe) _H1 _I6.00 _UDAMAGED _ZMain Library Open Access Collection |
||
| 999 |
_c43912 _d43912 |
||